000 03346nam a2200469 c 4500
003 BLK
005 20250530153628.0
008 180411b bul|||||r ||||||| ||bul||
010 _aKNG00203921000
020 _a978-619-90421-0-6
_bиздат.: Пощенска кутия за приказки
040 _aBLK
041 _aBUL
_cBUL
072 7 _2bullib
_aН84
_xБългарска художествена литература Н
080 _aБългарска литература
_b821.163.2
_x-94
_z821.163.2-94
080 _aСценични работници. Професионални сцени и театрални артисти. Сценични директори. Сценични актьори, музиканти, представления
_b792.071
_x(497.2)(092)(0:82-9)
_z792.071(497.2)(092)(0:82-9)
080 _aСъздатели на кинофилми
_b791.44.071
_x(497.2)(092)(0:82-9)
_z791.44.071(497.2)(092)(0:82-9)
080 _aБиографии
_b929
_x(497.2)
_z929(497.2)
100 1 _aМурдаров, Владко Данаилов
_eпърви автор
_9366170
700 1 _aЦанкова, Емилия
_eсъстав.
_9383346
139 _aАртисти със сребро в косите
_bА 89
245 1 0 _aАртисти със сребро в косите
_bИстински истории
_cВладко Данаилов Мурдаров; състав. Емилия Цанкова.
257 _aBGR
260 София
_bПощенска кутия за приказки
_c2017
_fСофия : Алианс принт
300 _a315 с.
_c21 см
380 _aX
500 _aКор. загл. Артисти със сребро в косите разказват истински истории от света на киното и театъра. - Други авт.: А. Савинова-Семова, А. Тонев - Тони, Ат. Илков, Б. Цекова, В. Ганев, В. Станилов, В. Чаушев, В. Славова, Г. Велчовски, Г. Ножаров, Г. Кофарджиева, Г. Станчева, Д. Стефанов, Е. Илиева, Е. Кьостебеков, Е. Ангелова, Е. Радева, Е. Цанкова, Ж. Чакърова, Ив. Налбантов, Ил. Божилов, И. Финци, К. Кавадарков, К. Петкова, Кр. Казанджиева, Л. Филипова, Л. Бъчваров, М. Славчева, М. Караламбова, Н. Топалова, Н. Петков, Н. Пашов, О. Попова, Ст. Станчев, Ст. Германов, Ст. Илиев, Хр. Домусчиев, К. Божанова.
650 4 _aАртисти, български - спомени
_9250105
650 4 _aАктьори, български
_9263862
650 4 _aКиноартисти, български
_9266032
651 4 _aБългария
_9241624
653 _aбългарски артисти
653 _aкиноартисти
653 _aтеатрални дейци
653 _aспомени
659 _aН
852 _aЦб 284866
856 4 _qpdf
_u
856 4 _qpdf
_u
942 _cKNG
_n0
_029
944 _aCR
_c27.03.2017
_lЦветомила Тодорова
_k30576
944 _aED
_c20.02.2018
_lф /
_kЛюдмила_Стоянова
999 _c194689
_d194689